00200pam a2200097 a 4500020000500000041000500005100002500010245004300035260001500078300000900093 c h aR. K. Luna,eAuthor. aThe Big Grain DrainhTextual Documents a[s.l]:bNa a375.